00721 2200229 4500001002100000005001700021008004100038035002400079090002100103100001500124245010800139260010900247650003400356850001200390980001100402985000600413986001200419999001500431999001500446999001500461999001500476YOGYA-0209000002520220090227023929.0 ind  0010-020900000025202 a027.5bDay LlQT aDAYOH, J.V aLaporan hasil studi perbandingan pada perpustakaan pemuda Tingkat I Jawa Timur di Surabaya..cJ.V Dayoh aJayapurabBagian Perpustakaan pada Biro Hukum dan Organisasi & Tatalaksana Setwilda TK.I Irian Jaya 1979 aPerpustakaan Daerah - Laporan aYOPDYOG a121206 a4 aida-pkl a06A0016402 a06A0016403 a06A0016404 a06A0016405